<?xml version="1.0" encoding="UTF-8"?>
<marc:record xmlns:marc="http://www.loc.gov/MARC21/slim">
   <marc:leader>00000nam a2200000 a 4500</marc:leader>
   <marc:datafield ind1="1" ind2=" " tag="100">
      <marc:subfield code="a">Fell, Helga</marc:subfield>
      <marc:subfield code="4">aut</marc:subfield>
      <marc:subfield code="e">Verfasser/-in</marc:subfield>
   </marc:datafield>
   <marc:datafield ind1="1" ind2=" " tag="100">
      <marc:subfield code="a">Bohnstedt, Antje</marc:subfield>
      <marc:subfield code="4">aut</marc:subfield>
      <marc:subfield code="e">Verfasser/-in</marc:subfield>
   </marc:datafield>
   <marc:datafield ind1="1" ind2=" " tag="100">
      <marc:subfield code="a">Bohnstedt, Antje</marc:subfield>
   </marc:datafield>
   <marc:datafield ind1="1" ind2=" " tag="100">
      <marc:subfield code="a">Fell, Helga</marc:subfield>
   </marc:datafield>
   <marc:datafield ind1="0" ind2="0" tag="245">
      <marc:subfield code="a">Alle Tiere nah und fern wollen gern zum Weihnachtsstern [Kamishibai]</marc:subfield>
   </marc:datafield>
   <marc:datafield ind1="0" ind2="0" tag="245">
      <marc:subfield code="b">24 x Advent im Erzähltheater Kamishibai; mit Textheft und Downloadcode für Bastel- und Malvorlagen</marc:subfield>
   </marc:datafield>
   <marc:datafield ind1="0" ind2="0" tag="245">
      <marc:subfield code="c">Helga Fell ; Antje Bohnstedt</marc:subfield>
   </marc:datafield>
   <marc:datafield ind1=" " ind2="1" tag="264">
      <marc:subfield code="a">München</marc:subfield>
      <marc:subfield code="b">Don Bosco</marc:subfield>
      <marc:subfield code="c">2017</marc:subfield>
   </marc:datafield>
   <marc:datafield ind1="1" ind2=" " tag="490">
      <marc:subfield code="a">Lebendig. Kreativ. Praxisnah</marc:subfield>
   </marc:datafield>
   <marc:datafield ind1="1" ind2=" " tag="520">
      <marc:subfield code="a">Adventskalender mit einer klassischen "Auf dem Weg zur Krippe"-Reihengeschichte in Versform. &#x96; Eines Nachts entdecken die Hirten einen besonders hellen Stern am Himmel. Sie treiben ihre zehn Schafe zusammen und brechen zu dem Ort auf, über dem der Stern strahlt. Auch ein Hund gesellt sich dazu und am nächsten Tag ein Spatz. Schließlich wandert auch der Igel mit .. Könnt Ihr sagen, wie viele Tiere sich auf den Weg zur Krippe gemacht haben? Eine stimmungsvolle Geschichte für jeden Kita-Tag im Advent in Versform und in 15 Kamishibai-Bildern, die zum Mitzählen, Mitsprechen, Entdecken und Basteln einlädt. Inkl. Ausschneidevorlagen für alle Tiere als Bonus-Download. Zahlenraum 10-20.</marc:subfield>
   </marc:datafield>
   <marc:datafield ind1=" " ind2=" " tag="020">
      <marc:subfield code="a">4260179514432</marc:subfield>
      <marc:subfield code="9">4260179514432</marc:subfield>
   </marc:datafield>
   <marc:datafield ind1=" " ind2=" " tag="300">
      <marc:subfield code="a">16 Bildkarten : Illustrationen + Textheft</marc:subfield>
   </marc:datafield>
</marc:record>
